|
|
|
|
| LEADER |
00000nab a2200000 a 4500 |
| 001 |
vtls008153833 |
| 003 |
SK-MaSNL |
| 005 |
20260304045832.0 |
| 008 |
050513c2005 xo wr|p|||||||000 b|slo |
| 015 |
|
|
|a SNBRBL2005/05
|2 snkbucl
|
| 038 |
|
|
|a SNKBUCL
|
| 040 |
|
|
|a SNKBUCL
|b slo
|c SNKBUCL
|e AACR2
|
| 041 |
0 |
|
|a slo
|
| 044 |
|
|
|a xo
|c SK
|
| 080 |
|
|
|a 352.9
|x (437.6)
|2 UDC-MRF-SK2
|
| 245 |
0 |
0 |
|a Komunálna reforma
|
| 650 |
0 |
7 |
|a miestna správa
|2 snkbucl
|9 29496
|
| 650 |
0 |
7 |
|a reforma
|2 snkbucl
|9 662071
|
| 651 |
|
7 |
|a Slovensko
|2 snkbucl
|
| 773 |
0 |
|
|t Obecné noviny
|g Roč. XV, č. 19 (2005), s. 9-15
|
| 852 |
|
|
|a SNK
|b KIS3GCP
|
| 999 |
|
|
|c 2694821
|d 2696751
|